000 01499nam a2200217Ia 4500
999 _c37285
_d37285
003 OSt
005 20210405162614.0
008 160316s2012 xxu||||| |||| 00| 0 eng d
020 _a9789041138705
040 _cn
082 _a343.072100
_bROM
100 _aRompuy Ben Van
245 _aEconomic efficiency : the sole concern of modern antitrust policy : Non-efficiency considerations under Article 101 TFEU
260 _aNetherlands
_bKluwer Law International
_c2012
300 _a473p
_cxi
365 _b Rs. 12,455
505 _aAbout the Author. List of Abbreviations; Foreword; Acknowledgements; General Introduction; Part I The Objectives of US and EU Antitrust Policy: A Historical and Comparative Perspective; Chapter 1 Antitrust’s Objectives: Theoretical Perspectives; Chapter 2 The Objectives of US Antitrust Policy; Chapter 3 The Objectives of EU Antitrust Policy; Part II The Role of Non-efficiency Considerations in the Application of Article 101 TFEU: Case Study of the Audiovisual Sector; Chapter 4 The Justifiability of Incorporating Non-efficiency Considerations in Article 101 TFEU; Chapter 5 More Than a Game? The Specific Characteristics of Sport and Its Societal Role; Chapter 6 Access to Content by Final Consumers; Conclusions to Part II. Final Conclusions; Bibliography; Table of Cases; Index.
650 _a1. Antitrust Law - European Union Countries2. Antitrust Law - U S A 3. Antitrust law - Economic Aspects
700 _a
_a
942 _2ddc
_cBK